| 000 | 00780cab a2200253 4500 | ||
|---|---|---|---|
| 001 | ABS49146 | ||
| 008 | 090401t1993 xxu||||| |||| 00| 0 eng d | ||
| 035 | _a(Sirsi) u70182 | ||
| 041 | _aeng | ||
| 100 | _aBoxall, T. | ||
| 245 | _aDraft PPG15 published | ||
| 260 | _c1993 | ||
| 350 | _a0 | ||
| 490 |
_aCS Monthly : Planning and Development bulletin _v3(1) September 1993, 1&8(2) |
||
| 520 | _aReviews draft PPG15 on historic buildings and conservation areas representing the first full statement of government policy since 1987. | ||
| 650 | _aCONSERVATION AREAS | ||
| 650 | _aDRAFT PPG | ||
| 650 | _aHISTORIC BUILDINGS | ||
| 650 | _aLISTED BUILDINGS | ||
| 650 | _aPLANNING POLICY GUIDANCE NOTE 15 | ||
| 690 | _aCONSERVATION | ||
| 942 | _n0 | ||
| 948 | _c04/03/1997 | ||
| 999 |
_c44151 _d44151 |
||